000 00760nam a2200217Ii 4500
003 JO-AjNU
008 230605s9999||||xx |||||||||||||| ||und||
017 _a1990/1900
040 _aJO-AjNU
_bara
_erda
_cJO-AjNU
041 _aara
050 1 4 _aQA76.15.S5288.1990
100 3 _aتأليف الشريف، محمود,
_eauthor
_956758
245 0 0 _aموسوعة مصطلحات الكمبيوتر
250 _aط1
264 3 1 _aالقاهرة: الدار الدولية للنشر، 1990
300 _a624ص
_bيشتمل على مراجع ببلوغرافية
336 _atext
_btxt
_2rdacontent
337 _aunmediated
_bn
_2rdamedia
338 _avolume
_bnc
_2rdacarrier
650 4 _aالحاسبات الالكترونية-- مصطلحات
_956759
999 _aA25395
_c28963
_d28963